| 000 | 00941cam a2200265 4500 | ||
|---|---|---|---|
| 001 | agr66000279 | ||
| 003 | DLC | ||
| 005 | 20260227111025.0 | ||
| 008 | 690707s1966 dcua b 000 0 eng c | ||
| 010 | _aagr66000279 | ||
| 040 |
_aU.S. Nat'l Agr. Libr. _cDLC _dDLC |
||
| 050 | 0 | 0 |
_aSB205.C64 _bG5 |
| 070 | 0 | _a1 Ag84Ah no. 314 | |
| 082 | 0 | 0 | _a633/.32 |
| 100 | 1 |
_aGibson, Pryce B. _q(Pryce Byrd), _d1915- |
|
| 245 | 0 | 0 |
_aWhite clover _c[by Pryce B. Gibson and E. A. Hollowell. |
| 260 |
_aWashington] _bAgricultural Research Service, U.S. Dept. of Agriculture _c[1966] |
||
| 300 |
_a33 p. _billus. _c26 cm. |
||
| 490 | 1 |
_aUnited States. Dept. of Agriculture. Agriculture handbook ; _vno. 314 |
|
| 504 | _aBibliography: p. 30-33. | ||
| 650 | 0 | _aWhite clover. | |
| 650 | 3 | _aClover, White. | |
| 700 | 1 |
_aHollowell, E. A. _q(Eugene Amos) _ejoint author. |
|
| 830 | 0 |
_aAgriculture handbook (United States. Department of Agriculture) ; _vno. 314. |
|
| 999 |
_c12107 _d12107 |
||